书目信息 |
| 题名: |
随想录
|
|
| 作者: | 陈秀娟, 著 | |
| 分册: | ||
| 出版信息: | 长春 吉林出版集团股份有限公司 2020.01 |
|
| 页数: | 139页 | |
| 开本: | 21cm | |
| 丛书名: | ||
| 单 册: | ||
| 中图分类: | I267.1 | |
| 科图分类: | ||
| 主题词: | 随笔--sui bi--作品集--中国--当代 | |
| 电子资源: | ||
| ISBN: | 978-7-5581-6749-2 | |
| 000 | 00942nam0 2200241 450 | |
| 001 | 2062885452 | |
| 005 | 20201106172812.54 | |
| 010 | @a978-7-5581-6749-2@dCNY22.00 | |
| 100 | @a20200113d2020 em y0chiy50 ea | |
| 101 | 0 | @achi |
| 102 | @aCN@b220000 | |
| 105 | @ay z 000cy | |
| 200 | 1 | @a随想录@Asui xiang lu@f陈秀娟著 |
| 210 | @a长春@c吉林出版集团股份有限公司@d2020.01 | |
| 215 | @a139页@d21cm | |
| 300 | @a典藏版 | |
| 314 | @a陈秀娟, 祖籍湖北黄冈, 现居江苏宜兴。 | |
| 330 | @a本书共四个部分。第一部分是作者对生活、工作、事业方面的随想, 共300则 ; 第二部分是“和家人在一起”的随想录, 主要是写近5年来的感想、感言、感悟, 共80多则 ; 第三部分是“和亲人在一起”的随想录, 共100多则 ; 第四部分部分是“和自己在一起”的随想录, 主要是勉励自己的一些随感。 | |
| 606 | 0 | @a随笔@Asui bi@x作品集@y中国@z当代 |
| 690 | @aI267.1@v5 | |
| 701 | 0 | @a陈秀娟,@Achen xiu juan@f1976-@4著 |
| 801 | 0 | @aCN@b人天书店@c20201025 |
| 905 | @aZUCC@dI267.1@eC592 | |
| 随想录/陈秀娟著.-长春:吉林出版集团股份有限公司,2020.01 |
| 139页;21cm |
| 典藏版 |
| ISBN 978-7-5581-6749-2:CNY22.00 |
| 本书共四个部分。第一部分是作者对生活、工作、事业方面的随想, 共300则 ; 第二部分是“和家人在一起”的随想录, 主要是写近5年来的感想、感言、感悟, 共80多则 ; 第三部分是“和亲人在一起”的随想录, 共100多则 ; 第四部分部分是“和自己在一起”的随想录, 主要是勉励自己的一些随感。 |
| ● |
| 相关链接 |
|
|
|
正题名:随想录
索取号:I267.1/C592
 
预约/预借
| 序号 | 登录号 | 条形码 | 馆藏地/架位号 | 状态 | 备注 |
| 1 | 1483381 | 214833812 | 社科二线422/422社科库 29排3列5层/ [索取号:I267.1/C592] | 在馆 | |
| 2 | 1483382 | 214833821 | 文学库116/116文学库 9排4列1层/ [索取号:I267.1/C592] | 在馆 |